000 00760nam a22002297a 4500
003 BD-DhJNU
005 20250521045456.0
008 250521b |||||||| |||| 00| 0 eng d
020 _a9781138736931
020 _a9781315185637
040 _aBD-DhJNU
_bENG
_cBD-DhJNU
_dBD-DhJNU
082 _223
_a954 CHG
100 _aChapman, Graham P.
245 _a The geopolitics of South Asia :
_bfrom early empires to India, Pakistan and Bangladesh /
_cGraham P. Chapman
260 _aNew York :
_bRoutledge Taylor & Francis Group,
_c2018.
300 _a440p. :
_bill. ;
_c22 cm.
504 _aIncludes bibliographical references and index
650 _aGeopolitics South Asia
650 _aPolitics and government
650 _aSouth Asia
942 _2ddc
_cBK
_n0
999 _c1733
_d1733